[Event "DEM U10 2023"]
[Site "Willingen GER"]
[Date "2023.06.02"]
[Round "10"]
[White "Brückner, Julian"]
[Black "Becker, Linus"]
[Result "0-1"]
[Termination "normal"]
[Board "15"]
[WhiteElo "1681"]
[BlackElo "1445"]
[WhiteClock "00:04:23"]
[BlackClock "00:08:22"]
[PlyCount "70"]
[WhiteFideId "34630031"]
[BlackFideId "34614958"]
[EventCountry "GER"]
[EventRounds "11"]
[EventType "swiss"]
[EventDate "2023.05.27"]

1. e4 {[%clk 01:15:57]} {[%emt 00:00:02]} c5 {[%clk 01:15:55]} {[%emt
00:00:05]} 2. Nf3 {[%clk 01:16:19]} {[%emt 00:00:08]} Nc6 {[%clk 01:16:15]}
{[%emt 00:00:11]} 3. d4 {[%clk 01:16:19]} {[%emt 00:00:30]} cxd4 {[%clk
01:16:34]} {[%emt 00:00:11]} 4. Nxd4 {[%clk 01:16:34]} {[%emt 00:00:14]} g6
{[%clk 01:16:53]} {[%emt 00:00:11]} 5. Nc3 {[%clk 01:16:51]} {[%emt 00:00:14]}
Bg7 {[%clk 01:17:17]} {[%emt 00:00:05]} 6. Be3 {[%clk 01:16:56]} {[%emt
00:00:25]} Nf6 {[%clk 01:17:35]} {[%emt 00:00:12]} 7. Bc4 {[%clk 01:17:10]}
{[%emt 00:00:16]} O-O {[%clk 01:17:52]} {[%emt 00:00:13]} 8. Bb3 {[%clk
01:16:57]} {[%emt 00:00:44]} Ng4 {[%clk 01:16:00]} {[%emt 00:02:21]} 9. Qxg4
{[%clk 01:04:57]} {[%emt 00:12:29]} Nxd4 {[%clk 01:15:36]} {[%emt 00:00:55]}
10. Bxd4 {[%clk 01:03:42]} {[%emt 00:01:45]} Bxd4 {[%clk 01:15:54]} {[%emt
00:00:12]} 11. O-O-O {[%clk 01:03:23]} {[%emt 00:00:48]} d6 {[%clk 01:15:30]}
{[%emt 00:00:56]} 12. Qg3 {[%clk 01:03:11]} {[%emt 00:00:37]} Bg7 {[%clk
01:15:40]} {[%emt 00:00:23]} 13. h4 {[%clk 01:03:12]} {[%emt 00:00:30]} Qa5
{[%clk 01:08:39]} {[%emt 00:07:29]} 14. h5 {[%clk 00:59:04]} {[%emt 00:04:39]}
Bh6+ {[%clk 00:54:38]} {[%emt 00:14:30]} 15. f4 {[%clk 00:59:13]} {[%emt
00:00:22]} e5 {[%clk 00:43:23]} {[%emt 00:11:45]} 16. Qf3 {[%clk 00:50:08]}
{[%emt 00:09:32]} Bxf4+ {[%clk 00:42:13]} {[%emt 00:01:44]} 17. Kb1 {[%clk
00:50:30]} {[%emt 00:00:08]} g5 {[%clk 00:41:38]} {[%emt 00:01:05]} 18. g3
{[%clk 00:50:04]} {[%emt 00:00:54]} g4 {[%clk 00:42:00]} {[%emt 00:00:10]} 19.
Qf2 {[%clk 00:49:59]} {[%emt 00:00:28]} Bg5 {[%clk 00:40:55]} {[%emt 00:01:41]}
20. Rxd6 {[%clk 00:48:08]} {[%emt 00:02:21]} h6 {[%clk 00:31:19]} {[%emt
00:10:05]} 21. Rg6+ {[%clk 00:45:21]} {[%emt 00:03:11]} Kh7 {[%clk 00:31:21]}
{[%emt 00:00:34]} 22. Rd6 {[%clk 00:40:26]} {[%emt 00:05:25]} b6 {[%clk
00:23:10]} {[%emt 00:08:42]} 23. Rd5 {[%clk 00:33:33]} {[%emt 00:07:17]} Qb4
{[%clk 00:18:18]} {[%emt 00:05:27]} 24. Rxe5 {[%clk 00:32:11]} {[%emt
00:01:52]} Be6 {[%clk 00:14:53]} {[%emt 00:03:54]} 25. Bxe6 {[%clk 00:31:38]}
{[%emt 00:01:03]} fxe6 {[%clk 00:15:09]} {[%emt 00:00:15]} 26. Qe2 {[%clk
00:31:10]} {[%emt 00:00:58]} Qd6 {[%clk 00:14:06]} {[%emt 00:01:33]} 27. Rb5
{[%clk 00:27:28]} {[%emt 00:04:11]} Qxg3 {[%clk 00:13:32]} {[%emt 00:01:04]}
28. e5 {[%clk 00:15:25]} {[%emt 00:12:32]} Rad8 {[%clk 00:11:30]} {[%emt
00:02:33]} 29. Ne4 {[%clk 00:15:23]} {[%emt 00:00:29]} Qf3 {[%clk 00:09:35]}
{[%emt 00:02:28]} 30. Qxf3 {[%clk 00:14:15]} {[%emt 00:01:38]} gxf3 {[%clk
00:08:49]} {[%emt 00:01:16]} 31. Rf1 {[%clk 00:13:00]} {[%emt 00:01:42]} Rd4
{[%clk 00:08:25]} {[%emt 00:00:57]} 32. Nd6 {[%clk 00:08:51]} {[%emt 00:04:37]}
f2 {[%clk 00:07:24]} {[%emt 00:01:34]} 33. c3 {[%clk 00:08:14]} {[%emt
00:01:02]} Rg4 {[%clk 00:07:44]} {[%emt 00:00:14]} 34. Kc2 {[%clk 00:04:23]}
{[%emt 00:04:21]} Rg1 {[%clk 00:08:05]} {[%emt 00:00:09]} 35. Rxg1 {[%clk
00:04:23]} {[%emt 00:00:29]} fxg1=Q {[%clk 00:08:22]} {[%emt 00:01:05]} 0-1

[Event "DEM U10 2023"]
[Site "Willingen GER"]
[Date "2023.06.02"]
[Round "10"]
[White "Wagener, Nicolas"]
[Black "Shivkumar, Shreyas"]
[Result "0-1"]
[Termination "normal"]
[Board "16"]
[WhiteElo "1506"]
[BlackElo "1394"]
[WhiteClock "00:34:23"]
[BlackClock "00:58:50"]
[PlyCount "64"]
[WhiteFideId "34607935"]
[BlackFideId "34638407"]
[EventCountry "GER"]
[EventRounds "11"]
[EventType "swiss"]
[EventDate "2023.05.27"]

1. e4 {[%clk 01:15:58]} {[%emt 00:00:01]} c6 {[%clk 01:15:53]} {[%emt
00:00:07]} 2. Nf3 {[%clk 01:16:19]} {[%emt 00:00:10]} d5 {[%clk 01:16:15]}
{[%emt 00:00:08]} 3. exd5 {[%clk 01:16:41]} {[%emt 00:00:08]} cxd5 {[%clk
01:16:31]} {[%emt 00:00:15]} 4. Ne5 {[%clk 01:16:54]} {[%emt 00:00:16]} Nf6
{[%clk 01:16:25]} {[%emt 00:00:36]} 5. d4 {[%clk 01:17:10]} {[%emt 00:00:13]}
a6 {[%clk 01:16:43]} {[%emt 00:00:13]} 6. Bd3 {[%clk 01:17:17]} {[%emt
00:00:23]} Nc6 {[%clk 01:16:48]} {[%emt 00:00:26]} 7. c3 {[%clk 01:17:40]}
{[%emt 00:00:06]} Nxe5 {[%clk 01:16:55]} {[%emt 00:00:23]} 8. dxe5 {[%clk
01:18:02]} {[%emt 00:00:08]} Nd7 {[%clk 01:17:12]} {[%emt 00:00:13]} 9. f4
{[%clk 01:18:24]} {[%emt 00:00:07]} Nc5 {[%clk 01:17:15]} {[%emt 00:00:28]} 10.
O-O {[%clk 01:18:32]} {[%emt 00:00:22]} Nxd3 {[%clk 01:17:22]} {[%emt
00:00:23]} 11. Qxd3 {[%clk 01:18:55]} {[%emt 00:00:06]} e6 {[%clk 01:17:33]}
{[%emt 00:00:20]} 12. Be3 {[%clk 01:19:20]} {[%emt 00:00:04]} Bd7 {[%clk
01:17:56]} {[%emt 00:00:08]} 13. a4 {[%clk 01:19:23]} {[%emt 00:00:27]} Be7
{[%clk 01:17:35]} {[%emt 00:00:51]} 14. Rf3 {[%clk 01:19:43]} {[%emt 00:00:10]}
O-O {[%clk 01:16:34]} {[%emt 00:01:32]} 15. Rh3 {[%clk 01:20:04]} {[%emt
00:00:07]} g6 {[%clk 01:16:39]} {[%emt 00:00:27]} 16. Nd2 {[%clk 01:15:24]}
{[%emt 00:05:09]} f6 {[%clk 01:16:23]} {[%emt 00:00:47]} 17. exf6 {[%clk
01:15:34]} {[%emt 00:00:20]} Bxf6 {[%clk 01:16:41]} {[%emt 00:00:12]} 18. Rf1
{[%clk 01:14:55]} {[%emt 00:01:08]} b5 {[%clk 01:16:39]} {[%emt 00:00:33]} 19.
f5 {[%clk 01:08:56]} {[%emt 00:06:29]} bxa4 {[%clk 01:14:11]} {[%emt 00:02:58]}
20. fxg6 {[%clk 01:08:25]} {[%emt 00:01:01]} Bb5 {[%clk 01:14:14]} {[%emt
00:00:27]} 21. gxh7+ {[%clk 01:08:47]} {[%emt 00:00:07]} Kh8 {[%clk 01:13:45]}
{[%emt 00:01:00]} 22. c4 {[%clk 01:07:05]} {[%emt 00:02:13]} dxc4 {[%clk
01:13:11]} {[%emt 00:01:04]} 23. Qg6 {[%clk 01:05:05]} {[%emt 00:02:28]} c3
{[%clk 01:11:24]} {[%emt 00:02:16]} 24. Ne4 {[%clk 00:59:21]} {[%emt 00:06:15]}
Bxf1 {[%clk 01:08:55]} {[%emt 00:02:59]} 25. Bh6 {[%clk 00:58:55]} {[%emt
00:00:56]} cxb2 {[%clk 01:04:01]} {[%emt 00:05:25]} 26. Bxf8 {[%clk 00:58:05]}
{[%emt 00:01:20]} Qd4+ {[%clk 01:02:27]} {[%emt 00:02:04]} 27. Kh1 {[%clk
00:38:44]} {[%emt 00:19:51]} Rxf8 {[%clk 01:00:59]} {[%emt 00:01:59]} 28. Rg3
{[%clk 00:38:01]} {[%emt 00:01:12]} Bg7 {[%clk 00:59:58]} {[%emt 00:01:31]} 29.
Ng5 {[%clk 00:38:15]} {[%emt 00:00:15]} Qf6 {[%clk 00:59:20]} {[%emt 00:01:09]}
30. Qc2 {[%clk 00:35:17]} {[%emt 00:03:28]} Bd3 {[%clk 00:58:54]} {[%emt
00:00:56]} 31. Nf7+ {[%clk 00:34:23]} {[%emt 00:01:24]} Qxf7 {[%clk 00:59:03]}
{[%emt 00:00:22]} 32. Rxg7 {[%emt 00:01:19]} Qf1# {[%clk 00:58:50]} {[%emt
00:00:39]} 0-1

[Event "DEM U10 2023"]
[Site "Willingen GER"]
[Date "2023.06.02"]
[Round "10"]
[White "Retzlaff, Nick"]
[Black "Pawlak, Antoni"]
[Result "1-0"]
[Termination "normal"]
[Board "17"]
[WhiteElo "1523"]
[BlackElo "1323"]
[WhiteClock "00:03:14"]
[BlackClock "00:05:02"]
[PlyCount "79"]
[WhiteFideId "34610367"]
[BlackFideId "34605460"]
[EventCountry "GER"]
[EventRounds "11"]
[EventType "swiss"]
[EventDate "2023.05.27"]

1. e4 {[%clk 01:15:56]} {[%emt 00:00:03]} e6 {[%clk 01:15:58]} {[%emt
00:00:03]} 2. d4 {[%clk 01:16:21]} {[%emt 00:00:05]} d5 {[%clk 01:16:21]}
{[%emt 00:00:06]} 3. exd5 {[%clk 01:16:33]} {[%emt 00:00:18]} exd5 {[%clk
01:16:45]} {[%emt 00:00:06]} 4. Nf3 {[%clk 01:16:37]} {[%emt 00:00:26]} Nc6
{[%clk 01:17:08]} {[%emt 00:00:07]} 5. Bd3 {[%clk 01:16:50]} {[%emt 00:00:16]}
Bd6 {[%clk 01:17:28]} {[%emt 00:00:09]} 6. O-O {[%clk 01:17:12]} {[%emt
00:00:09]} Nge7 {[%clk 01:17:46]} {[%emt 00:00:13]} 7. c3 {[%clk 01:16:48]}
{[%emt 00:00:54]} Bg4 {[%clk 01:18:04]} {[%emt 00:00:11]} 8. Be3 {[%clk
01:16:12]} {[%emt 00:01:06]} Qd7 {[%clk 01:18:04]} {[%emt 00:00:30]} 9. Nbd2
{[%clk 01:15:15]} {[%emt 00:01:28]} O-O {[%clk 01:18:08]} {[%emt 00:00:25]} 10.
Qc2 {[%clk 01:14:37]} {[%emt 00:01:08]} h6 {[%clk 01:18:11]} {[%emt 00:00:26]}
11. Rfe1 {[%clk 01:08:36]} {[%emt 00:06:32]} Rfe8 {[%clk 01:16:39]} {[%emt
00:02:00]} 12. b3 {[%clk 00:59:49]} {[%emt 00:09:18]} Nf5 {[%clk 01:14:20]}
{[%emt 00:02:49]} 13. Re2 {[%clk 00:49:46]} {[%emt 00:10:33]} Nxe3 {[%clk
01:09:45]} {[%emt 00:05:05]} 14. fxe3 {[%clk 00:49:41]} {[%emt 00:00:36]} Re7
{[%clk 01:09:33]} {[%emt 00:00:42]} 15. h3 {[%clk 00:45:07]} {[%emt 00:05:04]}
Bxf3 {[%clk 01:04:52]} {[%emt 00:05:11]} 16. Nxf3 {[%clk 00:45:04]} {[%emt
00:00:32]} Rae8 {[%clk 01:05:11]} {[%emt 00:00:12]} 17. e4 {[%clk 00:41:30]}
{[%emt 00:04:04]} dxe4 {[%clk 00:57:26]} {[%emt 00:08:13]} 18. Rxe4 {[%clk
00:38:54]} {[%emt 00:03:07]} Rxe4 {[%clk 00:57:43]} {[%emt 00:00:13]} 19. Bxe4
{[%clk 00:39:17]} {[%emt 00:00:08]} Bg3 {[%clk 00:57:55]} {[%emt 00:00:18]} 20.
Rf1 {[%clk 00:38:07]} {[%emt 00:01:39]} Qe7 {[%clk 00:55:54]} {[%emt 00:02:30]}
21. Bd5 {[%clk 00:36:21]} {[%emt 00:02:18]} Qe3+ {[%clk 00:50:41]} {[%emt
00:05:42]} 22. Kh1 {[%clk 00:36:12]} {[%emt 00:00:39]} Qe7 {[%clk 00:39:47]}
{[%emt 00:11:15]} 23. Qf5 {[%clk 00:35:08]} {[%emt 00:01:44]} Nd8 {[%clk
00:34:26]} {[%emt 00:05:48]} 24. Nd2 {[%clk 00:27:47]} {[%emt 00:07:54]} c6
{[%clk 00:32:02]} {[%emt 00:02:42]} 25. Bc4 {[%clk 00:27:23]} {[%emt 00:01:05]}
b5 {[%clk 00:32:17]} {[%emt 00:00:15]} 26. Bd3 {[%clk 00:26:58]} {[%emt
00:00:55]} g6 {[%clk 00:32:06]} {[%emt 00:00:40]} 27. Qg4 {[%clk 00:24:31]}
{[%emt 00:02:57]} Bb8 {[%clk 00:28:44]} {[%emt 00:03:52]} 28. Ne4 {[%clk
00:22:09]} {[%emt 00:02:53]} Kg7 {[%clk 00:25:47]} {[%emt 00:03:26]} 29. h4
{[%emt 00:11:30]} Qe6 {[%clk 00:20:48]} {[%emt 00:00:02]} 30. Qf3 {[%clk
00:15:40]} {[%emt 00:01:27]} Nb7 {[%clk 00:18:25]} {[%emt 00:02:48]} 31. c4
{[%clk 00:13:03]} {[%emt 00:03:13]} a6 {[%clk 00:13:38]} {[%emt 00:05:17]} 32.
a4 {[%clk 00:12:29]} {[%emt 00:01:05]} b4 {[%clk 00:12:32]} {[%emt 00:01:35]}
33. d5 {[%clk 00:09:03]} {[%emt 00:03:56]} cxd5 {[%clk 00:10:42]} {[%emt
00:02:20]} 34. cxd5 {[%clk 00:09:02]} {[%emt 00:00:32]} Qe7 {[%clk 00:10:34]}
{[%emt 00:00:37]} 35. g3 {[%clk 00:07:07]} {[%emt 00:02:25]} Qd7 {[%clk
00:05:15]} {[%emt 00:05:49]} 36. g4 {[%clk 00:03:56]} {[%emt 00:03:41]} Qc7
{[%clk 00:05:18]} {[%emt 00:00:27]} 37. Qf6+ {[%clk 00:03:52]} {[%emt
00:00:34]} Kg8 {[%clk 00:05:14]} {[%emt 00:00:33]} 38. d6 {[%clk 00:04:06]}
{[%emt 00:00:18]} Qd7 {[%clk 00:05:13]} {[%emt 00:00:29]} 39. Bc4 {[%clk
00:03:38]} {[%emt 00:01:00]} Nd8 {[%clk 00:05:02]} {[%emt 00:00:41]} 40. Qxg6+
{[%clk 00:03:14]} {[%emt 00:00:54]} 1-0

[Event "DEM U10 2023"]
[Site "Willingen GER"]
[Date "2023.06.02"]
[Round "10"]
[White "Fels, Mattis"]
[Black "Ishcenko, Volodymyr"]
[Result "1-0"]
[Termination "normal"]
[Board "18"]
[WhiteElo "1682"]
[BlackElo "1220"]
[WhiteClock "00:20:38"]
[BlackClock "00:01:51"]
[PlyCount "63"]
[WhiteFideId "34623795"]
[BlackFideId "34660208"]
[EventCountry "GER"]
[EventRounds "11"]
[EventType "swiss"]
[EventDate "2023.05.27"]

1. d4 {[%clk 01:15:59]} {[%emt 00:00:01]} d5 {[%clk 01:15:50]} {[%emt
00:00:11]} 2. Nc3 {[%clk 01:16:24]} {[%emt 00:00:05]} Nf6 {[%clk 01:15:52]}
{[%emt 00:00:27]} 3. Bf4 {[%clk 01:16:48]} {[%emt 00:00:06]} a6 {[%clk
01:16:06]} {[%emt 00:00:16]} 4. e3 {[%clk 01:17:13]} {[%emt 00:00:05]} e6
{[%clk 01:15:52]} {[%emt 00:00:44]} 5. Nf3 {[%clk 01:17:36]} {[%emt 00:00:06]}
c5 {[%clk 01:15:09]} {[%emt 00:01:14]} 6. dxc5 {[%clk 01:18:02]} {[%emt
00:00:05]} Bxc5 {[%clk 01:15:27]} {[%emt 00:00:11]} 7. Bd3 {[%clk 01:18:28]}
{[%emt 00:00:04]} Nc6 {[%clk 01:14:23]} {[%emt 00:01:34]} 8. O-O {[%clk
01:18:50]} {[%emt 00:00:08]} O-O {[%clk 01:14:10]} {[%emt 00:00:43]} 9. e4
{[%clk 01:19:16]} {[%emt 00:00:04]} dxe4 {[%clk 01:06:01]} {[%emt 00:08:39]}
10. Nxe4 {[%clk 01:19:34]} {[%emt 00:00:11]} Nxe4 {[%clk 01:05:56]} {[%emt
00:00:36]} 11. Bxe4 {[%clk 01:19:56]} {[%emt 00:00:07]} Qf6 {[%clk 01:01:41]}
{[%emt 00:04:35]} 12. Bg5 {[%clk 00:58:35]} {[%emt 00:22:03]} Qxb2 {[%clk
01:01:30]} {[%emt 00:00:34]} 13. Qd3 {[%clk 00:57:27]} {[%emt 00:01:43]} h6
{[%clk 00:55:21]} {[%emt 00:06:40]} 14. Rfb1 {[%clk 00:57:18]} {[%emt
00:00:39]} Qa3 {[%clk 00:52:01]} {[%emt 00:03:04]} 15. Rb3 {[%clk 00:51:59]}
{[%emt 00:06:34]} Qa5 {[%clk 00:48:03]} {[%emt 00:03:38]} 16. Bh4 {[%clk
00:44:01]} {[%emt 00:09:19]} Qc7 {[%clk 00:47:13]} {[%emt 00:01:13]} 17. Rd1
{[%clk 00:37:46]} {[%emt 00:06:51]} Nb4 {[%clk 00:41:20]} {[%emt 00:06:17]} 18.
Qc3 {[%clk 00:37:33]} {[%emt 00:00:50]} Nxa2 {[%clk 00:39:41]} {[%emt
00:02:08]} 19. Qb2 {[%clk 00:37:36]} {[%emt 00:00:28]} Nb4 {[%clk 00:38:05]}
{[%emt 00:02:06]} 20. Rxb4 {[%clk 00:37:55]} {[%emt 00:00:12]} Bxb4 {[%clk
00:38:09]} {[%emt 00:00:25]} 21. Qxb4 {[%clk 00:38:19]} {[%emt 00:00:06]} f5
{[%clk 00:31:44]} {[%emt 00:06:55]} 22. Bg3 {[%clk 00:37:06]} {[%emt 00:01:43]}
f4 {[%clk 00:30:45]} {[%emt 00:01:29]} 23. Bh4 {[%clk 00:34:34]} {[%emt
00:03:02]} g5 {[%clk 00:30:15]} {[%emt 00:01:01]} 24. Bxg5 {[%clk 00:33:54]}
{[%emt 00:01:09]} hxg5 {[%clk 00:30:32]} {[%emt 00:00:13]} 25. Nxg5 {[%emt
00:12:48]} Qg7 {[%clk 00:18:12]} {[%emt 00:00:01]} 26. Nh7 {[%clk 00:29:36]}
{[%emt 00:05:18]} Re8 {[%clk 00:13:41]} {[%emt 00:04:56]} 27. Qa4 {[%clk
00:25:38]} {[%emt 00:04:34]} Re7 {[%clk 00:06:39]} {[%emt 00:07:31]} 28. Rd8+
{[%clk 00:24:44]} {[%emt 00:01:25]} Kf7 {[%clk 00:07:00]} {[%emt 00:00:08]} 29.
Rf8+ {[%clk 00:24:54]} {[%emt 00:00:21]} Qxf8 {[%clk 00:06:29]} {[%emt
00:01:01]} 30. Nxf8 {[%clk 00:25:12]} {[%emt 00:00:12]} Kxf8 {[%clk 00:06:53]}
{[%emt 00:00:06]} 31. Qd4 {[%clk 00:23:35]} {[%emt 00:02:06]} a5 {[%clk
00:01:51]} {[%emt 00:05:33]} 32. Bg6 {[%clk 00:20:38]} {[%emt 00:03:26]} 1-0

[Event "DEM U10 2023"]
[Site "Willingen GER"]
[Date "2023.06.02"]
[Round "10"]
[White "Obermair, Hannes"]
[Black "Wettstein, Levin"]
[Result "1/2-1/2"]
[Termination "normal"]
[Board "19"]
[WhiteElo "1320"]
[BlackElo "1416"]
[WhiteClock "00:25:04"]
[BlackClock "01:02:01"]
[PlyCount "89"]
[WhiteFideId "34640509"]
[BlackFideId "34635866"]
[EventCountry "GER"]
[EventRounds "11"]
[EventType "swiss"]
[EventDate "2023.05.27"]

1. e4 {[%clk 01:15:55]} {[%emt 00:00:05]} e5 {[%clk 01:15:56]} {[%emt
00:00:05]} 2. Nf3 {[%clk 01:16:14]} {[%emt 00:00:10]} Nc6 {[%clk 01:16:20]}
{[%emt 00:00:06]} 3. Bc4 {[%clk 01:16:30]} {[%emt 00:00:14]} Bc5 {[%clk
01:16:44]} {[%emt 00:00:07]} 4. c3 {[%clk 01:16:50]} {[%emt 00:00:09]} Nf6
{[%clk 01:17:07]} {[%emt 00:00:06]} 5. d4 {[%clk 01:16:56]} {[%emt 00:00:23]}
exd4 {[%clk 01:17:21]} {[%emt 00:00:17]} 6. e5 {[%clk 01:16:36]} {[%emt
00:00:50]} d5 {[%clk 01:17:42]} {[%emt 00:00:09]} 7. Bb5 {[%clk 01:16:48]}
{[%emt 00:00:18]} Ne4 {[%clk 01:18:05]} {[%emt 00:00:08]} 8. cxd4 {[%clk
01:16:59]} {[%emt 00:00:17]} Bb4+ {[%clk 01:18:03]} {[%emt 00:00:33]} 9. Bd2
{[%clk 01:17:05]} {[%emt 00:00:23]} Bxd2+ {[%clk 01:17:57]} {[%emt 00:00:37]}
10. Nbxd2 {[%clk 01:17:16]} {[%emt 00:00:19]} Bg4 {[%clk 01:17:01]} {[%emt
00:01:27]} 11. Qa4 {[%clk 01:16:06]} {[%emt 00:01:40]} Qd7 {[%clk 01:15:09]}
{[%emt 00:02:22]} 12. O-O {[%clk 01:11:57]} {[%emt 00:04:39]} Nxd2 {[%clk
01:14:17]} {[%emt 00:01:22]} 13. Nxd2 {[%clk 01:11:29]} {[%emt 00:00:56]} a6
{[%clk 01:14:23]} {[%emt 00:00:27]} 14. Rac1 {[%clk 01:09:28]} {[%emt
00:02:30]} O-O {[%clk 01:12:48]} {[%emt 00:02:06]} 15. Bxc6 {[%clk 01:09:20]}
{[%emt 00:00:37]} bxc6 {[%clk 01:13:11]} {[%emt 00:00:08]} 16. Qxc6 {[%clk
01:08:58]} {[%emt 00:00:51]} Qxc6 {[%clk 01:13:26]} {[%emt 00:00:16]} 17. Rxc6
{[%clk 01:09:16]} {[%emt 00:00:11]} Ra7 {[%clk 01:13:38]} {[%emt 00:00:20]} 18.
Rfc1 {[%clk 01:07:10]} {[%emt 00:02:35]} Rc8 {[%clk 01:13:48]} {[%emt
00:00:20]} 19. R6c5 {[%clk 01:03:52]} {[%emt 00:03:47]} Be6 {[%clk 01:12:47]}
{[%emt 00:01:32]} 20. Nb3 {[%clk 00:57:04]} {[%emt 00:07:18]} Rb7 {[%clk
01:06:33]} {[%emt 00:06:44]} 21. Rc6 {[%clk 00:55:20]} {[%emt 00:02:10]} Ra7
{[%clk 01:05:54]} {[%emt 00:01:13]} 22. Nc5 {[%clk 00:52:32]} {[%emt 00:03:18]}
Rb8 {[%clk 01:04:13]} {[%emt 00:02:11]} 23. Nd3 {[%clk 00:45:54]} {[%emt
00:07:07]} Bf5 {[%clk 01:03:48]} {[%emt 00:00:56]} 24. Nf4 {[%clk 00:43:13]}
{[%emt 00:03:10]} Rxb2 {[%clk 01:03:11]} {[%emt 00:01:08]} 25. Nxd5 {[%clk
00:42:51]} {[%emt 00:00:51]} Be4 {[%clk 01:02:32]} {[%emt 00:01:10]} 26. Rxc7
{[%clk 00:41:22]} {[%emt 00:01:59]} Rxc7 {[%clk 01:02:53]} {[%emt 00:00:11]}
27. Nxc7 {[%clk 00:41:19]} {[%emt 00:00:32]} Bb7 {[%clk 01:02:26]} {[%emt
00:00:57]} 28. d5 {[%clk 00:40:21]} {[%emt 00:01:25]} Bc8 {[%clk 01:00:50]}
{[%emt 00:02:09]} 29. h3 {[%clk 00:38:09]} {[%emt 00:02:41]} Bd7 {[%clk
01:00:45]} {[%emt 00:00:36]} 30. e6 {[%clk 00:36:42]} {[%emt 00:01:56]} fxe6
{[%clk 00:59:55]} {[%emt 00:01:21]} 31. dxe6 {[%clk 00:36:23]} {[%emt
00:00:49]} Bc8 {[%clk 00:59:56]} {[%emt 00:00:29]} 32. Rd1 {[%clk 00:35:58]}
{[%emt 00:00:52]} Bxe6 {[%clk 00:59:36]} {[%emt 00:00:54]} 33. Nxe6 {[%clk
00:35:19]} {[%emt 00:01:08]} Rxa2 {[%clk 00:59:49]} {[%emt 00:00:18]} 34. Rd7
{[%clk 00:33:54]} {[%emt 00:01:55]} g6 {[%clk 01:00:02]} {[%emt 00:00:17]} 35.
h4 {[%clk 00:31:31]} {[%emt 00:02:51]} a5 {[%clk 01:00:15]} {[%emt 00:00:20]}
36. g4 {[%clk 00:31:37]} {[%emt 00:00:22]} Ra4 {[%clk 01:00:31]} {[%emt
00:00:15]} 37. f3 {[%clk 00:31:32]} {[%emt 00:00:34]} Ra1+ {[%clk 01:00:47]}
{[%emt 00:00:16]} 38. Kg2 {[%clk 00:31:04]} {[%emt 00:00:56]} a4 {[%clk
01:01:05]} {[%emt 00:00:14]} 39. Ra7 {[%clk 00:31:01]} {[%emt 00:00:31]} a3
{[%clk 01:01:11]} {[%emt 00:00:26]} 40. Kg3 {[%clk 00:30:45]} {[%emt 00:00:45]}
a2 {[%clk 01:01:25]} {[%emt 00:00:18]} 41. Kf2 {[%clk 00:28:20]} {[%emt
00:02:52]} Rh1 {[%clk 01:01:40]} {[%emt 00:00:17]} 42. Rg7+ {[%clk 00:25:49]}
{[%emt 00:03:00]} Kh8 {[%clk 01:01:50]} {[%emt 00:00:21]} 43. Rf7 {[%clk
00:25:02]} {[%emt 00:01:13]} h6 {[%clk 01:01:38]} {[%emt 00:00:45]} 44. Rf8+
{[%clk 00:24:44]} {[%emt 00:00:48]} Kh7 {[%clk 01:02:01]} {[%emt 00:00:07]} 45.
Rf7+ {[%clk 00:25:04]} {[%emt 00:00:10]} 1/2-1/2